1625 1557 1484 1462 1786 1062 1806 1404 1656 1972 1205 1214 1281 1308 1533 1002 1959 1443 1186 1521 1986 1766 1798 1527 1205 1745 1501 1674 1748 1202 1944 1439 1765 1344 1788 1923 1448 1565 1859 1700 1591 1473 1403 1873 1128 1431 1281 1974 1752 1996 1183 1312 1607 1879 1969 1528 1022 1651 1148 1576 1600 1348 1877 1926 1641 1167 1840 1456 1356 1911 1913 1885 1440 1360 1058 1865 1943 1539 1535 1447 1385 2000 1093 1670 1791 1775 1019 1638 1193 1047 1936 1911 1126 1697 1914 1837 1759 1523 1293 BCNSPRNW ULIB Ver.6.0+V

เปลี่ยนเป็นภาษาไทย

Change to English
 แสดงรายละเอียดบรรณานุกรม
  กลับหน้าหลัก

Brief Record : Get Marc (ISO 2709) : E-mail record : QR code < ปิดหน้าต่าง
LEADER : 00000nam 2200000uu 4500
001    13399114302
003     ULIB
008    120321s2553||||th 000 0 tha d
020    ^a9786160601356
090    ^aนว.^bร155ค 2553
100 0  ^aรวมนักเขียน
245 00 ^aความรู้สึกดีที่เรียกว่ารัก : รวมนักเขียน/^cรวมนักเขียน
250    ^aพิมพ์ครั้งที่ 2
260    ^aกรุงเทพฯ :^bแจ่มใส,^c2553
300    ^a278 หน้า
710 1  ^aแจ่มใส
945    ^p169^l0^i17085
995    ^aกัณชพร
999    ^aใช้งานได้ทุกระบบ
รายการนี้ยังไม่มีแท็ก
คุณยังไม่ได้ล็อกอิน คุณสามารถมีกิจกรรมร่วมกับเว็บไซต์ได้ แต่ต้องล็อกอินก่อน ::
  ล็อกอิน

รายการสื่อสารสนเทศ

ลำดับที่ ประเภท เลขเรียก/บาร์โค้ด สถานที่ สถานะ
1. นวนิยาย
นวนิยาย
นว. ร155ค 2553  
  Barcode: 17085
ห้องสมุดวิทยาเขตสวรรค์ประชารักษ์
►นวนิยาย
บนชั้น
  ขอยืม

รายการใกล้เคียง
    ผู้แต่ง [รวมนักเขียน]

BibComment


ยังไม่เคยถูกคอมเมนท์

คอมเมนท์ทรัพยากรรายการนี้
  คอมเมนท์: ความรู้สึกดีที่เ..


 Copyright 2026. Bcnsprnw @Library